000 00273nam a22000977a 4500
008 260410b |||||||| |||| 00| 0 eng d
020 _a9789367477984
100 _aOswaal
_97599
245 _aOswaal NCERT Textbook Solutions (English Class-7)
260 _aNew Delhi
_bOswaal Books
999 _c12853
_d12853